00813nam a2200193 a 4500008004100000020001800041050001800059100002200077245008900099250001700188260003000205300003300235350001000268650004300278650003400321995010100355999001700456952014600473210225s2008 ||||||||||||||||| || u a9780205531042 aLC 1099.3 Kop aKoppelman, Kent L10aUnderstanding Human differences.( 2nd edition)cBy Kent L.Koppelman; R .Lee Goodhart a2nd edition  aBostonbPearson/A&Bc2008 axxvi,388 pages:illustrations a15.56 aMULTICULTURAL EDUCATION--UNITED STATES aDISCRIMINATION--UNITED STATES FCBU-MAIN LIBRARY (Kitwe)I15.56M1UAVAILABLEWMar 11, 2021ZMain Library Open Access Collection c60696d60696 00102lcc4070a001b001cMain Library Open Access Collectiond2022-11-30l1oLC 1099.3 Kopp750827r2025-07-23s2025-07-23w2022-11-30y002